| 000 | 00453ntaaa2200181 4500 | ||
|---|---|---|---|
| 003 | 01 | ||
| 005 | 20251027202115.0 | ||
| 008 | 0714s1973 ag 01 | ||
| 040 |
_aAR-BaBN _bspa _cAR-BaBN _eaacr _dRIC |
||
| 082 | _a252.4000 E54 | ||
| 245 | _aThe works of the Reverend John Wesley | ||
| 250 | _a1 ed. | ||
| 260 |
_aNew York : _bT. Mason and G. Lane, _c1840 |
||
| 300 | _a7 tomos | ||
| 650 |
_asermones _9362 |
||
| 700 |
_aEmory, John _919532 |
||
| 942 | _cBK | ||
| 999 |
_c15922 _d15922 |
||